Türk hukuku ve toplumu üzerine incelemeler (Record no. 78)

MARC details
000 -BAŞLIK
Sabit Uzunlukta Kontrol Alanı 00752na a2200253 4500
001 - KONTROL NUMARASI
Denetim Alanı 17003
003 - KONTROL NUMARASI IDENTIFIER
Denetim Alanı MIRAKIL
005 - SON İŞLEM TARİHİ VE ZAMANI
Denetim Alanı 20181213154732.0
008 - SABİT-BOY VERİ ELEMANLARI - GENEL BİLGİLER
Sabit Uzunlukta Kontrol Alanı 161020b tu 000 0
040 ## - KATALOGLAMA KAYNAK
Orijinal Kataloglama Ajansı Milas
Kataloglama Dili tur
Metne Dönüştürmek Ajansı TR-AnCHP
041 ## - DİL KODU
Metin / Ses Parça Veya Ayrı Başlığın Dil Kodu tur
082 ## - DEWEY ONLU SINIFLANDIRMA NUMARASI
Sınıflandırma Numarası 349.561
Ürün Numarası T96 1974
090 ## - SINIFLAMA NUMARASI
Sınıflama Numarası 349.561 T96 1974
245 ## - BAŞLIK TABLOSU
Başlık Türk hukuku ve toplumu üzerine incelemeler
Sorumluluk Tablosu, Vb Editörler Adnan Güriz, Peter Benedict
260 ## - YAYIN, DAĞITIM, VB
Yayın, Dağıtım, Vb Yeri Ankara
Yayıncı, Dağıtıcı, Vs Adı Türkiye Kalkınma Vakfı
Yayın, Dağıtım, Vb Tarihi 1974
Üretici Firma Sevinç Matbaası
300 ## - FİZİKSEL TANIM
Kapsam xxii, 596 s.
Diğer Fiziksel Ayrıntıları tbl.
Boyutlar 24 sm.
490 ## - SERİSİ TABLOSU
Seri Beyanı Türkiye Kalkınma Vakfı
Hacim / Ardışık Tanımı 1
504 ## - KAYNAKÇA VB NOT
Kaynakça Vb Notu Kaynakça var.
651 ## - KONU KATMA GİRİŞ - COĞRAFİ ADI
Coğrafi İsim Türkiye
Genel Alt Bölümü Ceza hukuku
651 ## - KONU KATMA GİRİŞ - COĞRAFİ ADI
Coğrafi İsim Türkiye
Genel Alt Bölümü Özel hukuk
700 ## - KATMA GİRİŞ - KİŞİSEL İSİM
Kişisel Ad Benedict, Peter
700 ## - KATMA GİRİŞ - KİŞİSEL İSİM
Kişisel Ad Güriz, Adnan
942 ## - EKLENDİ GİRİŞ ELEMANLARI (KOHA)
Sınıflandırma Veya Raf Düzeni Kaynak Dewey Decimal Classification
Koha Öğesi Türü Books
999 ## - SİSTEM KONTROL NUMARALARI (KOHA)
Koha Biblionumber 78
Koha Biblioitemnumber 78
Holdings
Kalıcı Konum Mevcut Konum Edinme Tarihi Edinim Kaynak Toplam Check-Out'Lar Tam Çağrı Numarası Barkod Tarih Son Görülme İtibaren Geçerli Fiyatlar Koha Öğesi Türü
CHP Kütüphanesi CHP Kütüphanesi 10/20/2016 Bağış   349.561 T96 1974 005448 10/20/2016 10/20/2016 Books